| 000 | 00425cam a2200169ua 4500 | ||
|---|---|---|---|
| 020 | _c15.00 | ||
| 041 |
_ahin _h |
||
| 082 |
_a891.54 _bRAM/MA |
||
| 100 | _aRamkhelavan, Panday . | ||
| 245 |
_aMadhyakalin sant sahitya / _cRamkhelavan Pandey. _hTextual Documents |
||
| 260 |
_a : _bHindi Pracharak Pustakalay , _c1965. |
||
| 300 | _a531 ; . | ||
| 365 | _a15.00 | ||
| 504 | _a | ||
| 942 | _cBK | ||
| 999 |
_c8185 _d8185 |
||